01372nam a22001817a 45000010005000000030006000050050017000110080041000280200018000690400029000870820008001161000016001242450104001402600054002443000050002985200816003487000026011645758FISKH20250120163207.0250120b cb ||||| |||| 00| 0 eng d a9781107626065 aFISKHbengcFISKHdFISKH a500 aJones, Mary aCambridge Checkpoint Science Coursebook 9 / cBy Mary Jones, Diane Fellowes-Freeman and David Sang  aCambridge : bCambridge University Press ;c2013. a188 pages : bcolor illustrations ;c28 cm .  aWritten by well-respected authors, the Cambridge Checkpoint Science suite provides a comprehensive, structured resource which covers the full Cambridge Secondary 1 framework and seamlessly progresses into the next stage. This engaging course supports teaching of the Science framework both theoretically and practically, with full coverage of the Scientific Enquiry framework integrated throughout the series. This Coursebook for Stage 9 gives a thorough introduction to the concepts, and offers a wealth of ideas for hands-on activities to make the subject matter come to life. Integrated review of topics from Stages 7 and 8 as well as full coverage of the Stage 9 content provides preparation for the Cambridge Checkpoint Science test and a solid foundation for progression into the Cambridge IGCSE Sciences. aSang, David eauthor